Antisense strategies to study CD38 /
Saved in:
| Main Author: | |
|---|---|
| Format: | Thesis Book |
| Language: | English |
| Published: |
2000.
|
| Subjects: | |
| Tags: |
Add Tag
No Tags, Be the first to tag this record!
|
| LEADER | 00799cam a2200229 a 4500 | ||
|---|---|---|---|
| 001 | u689122 | ||
| 003 | SIRSI | ||
| 008 | 981209s2000 si v 0 eng m | ||
| 035 | |a ACR-3486 | ||
| 040 | |a UMP | ||
| 096 | |a QU4 |b NUS 2000 Hel | ||
| 100 | 1 | 0 | |a He, Lan. |
| 245 | 1 | 0 | |a Antisense strategies to study CD38 / |c He Lan. |
| 260 | 0 | |c 2000. | |
| 300 | |a x, 90 leaves : |b ill. ; |c 30 cm. | ||
| 502 | 0 | 0 | |a Dissertation (M.Sc) -- Department of Biochemistry, National University of Singapore, Singapore, 2000. |
| 504 | |a Bibliography: leaves 77-90. | ||
| 650 | 2 | |a Glycoprotein. | |
| 710 | 2 | 0 | |a National University of Singapore. |b Department of Chemistry. |
| 948 | |a 23/10/2001 |b 14/06/2004 | ||
| 596 | |a 2 | ||
| 999 | |a QU4 NUS 2000 HEL |w NLM |c 1 |i A503623672 |d 14/11/2005 |f 14/11/2005 |g 1 |l TESIS |m P02MEDKL |r Y |s Y |t TESIS |u 14/11/2005 | ||
